Principles of biochemistry. / (Record no. 7273)
[ view plain ]
| 000 -LEADER | |
|---|---|
| fixed length control field | 01727nam a22001937a 4500 |
| 008 - FIXED-LENGTH DATA ELEMENTS--GENERAL INFORMATION | |
| fixed length control field | 170728b xxu||||| |||| 00| 0 eng d |
| 020 ## - INTERNATIONAL STANDARD BOOK NUMBER | |
| International Standard Book Number | 0879017112 |
| 050 ## - LIBRARY OF CONGRESS CALL NUMBER | |
| Classification number | QP514.2.L52 |
| 100 ## - MAIN ENTRY--PERSONAL NAME | |
| Personal name | Lehninger, Albert L. |
| 245 ## - TITLE STATEMENT | |
| Title | Principles of biochemistry. / |
| Statement of responsibility, etc. | Albert L. Lehninger, David L. Nelson, Michael M. Cox |
| Remainder of title | with an extended discussion of oxygen-binding proteins |
| 250 ## - EDITION STATEMENT | |
| Edition statement | 2nd ed. |
| 260 ## - PUBLICATION, DISTRIBUTION, ETC. | |
| Place of publication, distribution, etc. | New York: |
| Name of publisher, distributor, etc. | Worth Publishers, |
| Date of publication, distribution, etc. | 1993. |
| 300 ## - PHYSICAL DESCRIPTION | |
| Extent | xli, 1013 p + various pagings: |
| Other physical details | ill. (col); |
| Dimensions | 28cm. |
| 500 ## - GENERAL NOTE | |
| General note | Includes a supplement to Chapter 7, a glossary and index. |
| 505 ## - FORMATTED CONTENTS NOTE | |
| Formatted contents note | Contents: I Foundations of biochemistry: The molecular logic of life -- Cells -- Biomolecules -- Water: its effect on disssolved biomolecules -- II Structure and catalysis: Amino acids and peptices -- An introduction to proteins -- The three-dimensional structure of proteins -- Enzymes --Lipids --Biological membranes and transport -- carbohydrates -- Nucleotides and nucleic acids -- III: Bioenergetics and metablism: Principles of bioenergetics -- Glycolysis and the catabolism of heroxes -- The citric acid cycle -- Oxidation of fatty acids -- Amino acid oxidation abd the production of urea ----Carbohydrates biosynthesis -- Lipid biosynthesis -- Biosynthesis of amino acids, nucleotides, and related molecules -- INtegration and hormonal regulation of mammalian metabolism --IV Information pathways: Gens and chromosomes -- DNA metabolism -- RNA metabolism -- Regulation of bene expression -- Recombinant DNA technology -- Supplement to Chapter 7 -- Appendix A: common abbreviations -- Appendix B: Abbreviated solutions to problems -- |
| 700 ## - ADDED ENTRY--PERSONAL NAME | |
| Personal name | Nelson, David L. |
| 700 ## - ADDED ENTRY--PERSONAL NAME | |
| Personal name | Cox, Michael M. |
| 942 ## - ADDED ENTRY ELEMENTS (KOHA) | |
| Source of classification or shelving scheme | Library of Congress Classification |
| Koha item type | Books |
| Withdrawn status | Lost status | Source of classification or shelving scheme | Damaged status | Not for loan | Home library | Current library | Shelving location | Date acquired | Source of acquisition | Full call number | Barcode | Date last seen | Price effective from | Koha item type |
|---|---|---|---|---|---|---|---|---|---|---|---|---|---|---|
| Library of Congress Classification | WISCONSIN INTERNATIONAL UNIVERSITY COLLEGE, GHANA KUMASI LIBRARY | WISCONSIN INTERNATIONAL UNIVERSITY COLLEGE, GHANA KUMASI LIBRARY | nursing | 26/06/2019 | STM | QP514.2.L52(2e) | KSN/142/19 | 19/05/2020 | 19/05/2020 | Books |
